| 000 | 00519cam a22001697a 4500 | ||
|---|---|---|---|
| 008 | 180718b1972 xxu||||| |||| 00| 0 eng d | ||
| 082 | _aB19x54 M312 | ||
| 100 | _aMandelbaum G. David | ||
| 245 |
_aSociety in India _cby David G. Mandelbaum |
||
| 260 |
_aBombay _bPopular Prakashan _c1972 |
||
| 300 | _a660p. | ||
| 500 | _av.1.Countinuity and change;v.2.Change and community | ||
| 650 | _aIndia --Social conditions --1947- | ||
| 650 | _aSocial mobility --India | ||
| 650 | _aFamily --India | ||
| 650 | _aCaste --India | ||
| 999 |
_c419431 _d419431 |
||